00455nam a22001697a 450000500170000001000140001702000280003103500130005903700090007208200080008124500380008926000400012727000680016730000300023549000060026570000140027120241209155135.0 a B-761431 a9789388078420c260.00  aB-761431 bGift a000 aRainbow Big Book of Knowledge-2/  aDelhi bRainbow Books c2019(repr.) aF-32, Street No.12, Parwana Road, Jagat Puri, b Delhi e110051 a104p.c25cm(Hb)bcol.ill. v2 aAakanksha